Score 0/30 Timer 05:00
14 Plays Today
Category Answer % Correct
Beverage BrandsPepsi
99.3%
Monster Energy
96.9%
Red Bull
94.2%
Video Game ConsolesXbox 360
93.6%
PlayStation
92.6%
Gatorade
90.8%
Social NetworksInstagram
89.1%
New York Yankees
88.4%
Pinterest
87.6%
Atari 2600
78.7%
Linkedin
77.3%
AirlinesAmerican Airlines
77.1%
Fashion HousesGucci
76.7%
MLB TeamsLos Angeles Angels
72.8%
Delta Airlines
71.4%
Category Answer % Correct
Nintendo GameCube
69.1%
Louis Vuitton
68.6%
Miami Marlins
65.3%
Baltimore Orioles
62.9%
Dolce & Gabbana
62.5%
Michael Kors
57.9%
Nintendo Switch
55%
Detroit Tigers
54%
Southwest Airlines
46.2%
Lufthansa
43.5%
Blogger
36.4%
Emirates
31.9%
Versace
28.9%
Flickr
27%
Izze
9.1%
Remove Ads.
Support Sporcle.
Get the best of Sporcle when you Go Orange. This ad-free experience offers more features, more stats, and more fun while also helping to support Sporcle. Thank you for becoming a member.

You're not logged in!

Compare scores with friends on all Sporcle quizzes.
OR
Log In

Show Comments

Extras

Top Quizzes Today


Score Distribution

Your Account Isn't Verified!

In order to create a playlist on Sporcle, you need to verify the email address you used during registration. Go to your Sporcle Settings to finish the process.

Report this User

Report this user for behavior that violates our Community Guidelines.

Details: